Mesa económico, científico, técnico

Đã lưu trong:
Chi tiết về thư mục
Tác giả của công ty: Instituto de Cooperación Iberoamericana
Định dạng: Texto
Được phát hành: Madrid: Huertas
Các nhãn: Thêm thẻ
Không có thẻ, Là người đầu tiên thẻ bản ghi này!

MARC

LEADER 00000 a a2200000 04500
001 25456
003
040
090 |a 152519  
110 |a Instituto de Cooperación Iberoamericana  
245 |a Mesa económico, científico, técnico  
260 |a Madrid:   |b Huertas  
300 |a 516 p.   |b il.  
999 |c 5388  |d 5388